Галина : (Record no. 126391)
[ view plain ]
| 000 -LEADER | |
|---|---|
| fixed length control field | 00926nam a2200229 a 4500 |
| 001 - CONTROL NUMBER | |
| control field | 000335605 |
| 003 - CONTROL NUMBER IDENTIFIER | |
| control field | AM-YeHGA |
| 005 - DATE AND TIME OF LATEST TRANSACTION | |
| control field | 20250617130908.0 |
| 008 - FIXED-LENGTH DATA ELEMENTS--GENERAL INFORMATION | |
| fixed length control field | 040518s1991 ||| r 000 0 rus d |
| 020 ## - INTERNATIONAL STANDARD BOOK NUMBER | |
| International Standard Book Number | 5702004337 |
| 040 ## - CATALOGING SOURCE | |
| Original cataloging agency | AM-YeHGA |
| 041 0# - LANGUAGE CODE | |
| Language code of text/sound track or separate title | rus |
| 090 ## - LOCALLY ASSIGNED LC-TYPE CALL NUMBER (OCLC); LOCAL CALL NUMBER (RLIN) | |
| -- | 127753 |
| 100 1# - MAIN ENTRY--PERSONAL NAME | |
| Personal name | Вишневская, Галина Павловна |
| 245 10 - TITLE STATEMENT | |
| Title | Галина : |
| Remainder of title | История жизни / |
| Statement of responsibility, etc. | Г. Вишневская ; Послесл. А. Дементьева. |
| 260 ## - PUBLICATION, DISTRIBUTION, ETC. | |
| Place of publication, distribution, etc. | Москва : |
| Name of publisher, distributor, etc. | Новости, |
| Date of publication, distribution, etc. | 1991. |
| 300 ## - PHYSICAL DESCRIPTION | |
| Extent | 557 с. |
| Other physical details | портр. ; [16] л. ил. |
| 500 ## - GENERAL NOTE | |
| General note | Дискогр.: с. 541-546 |
| 650 14 - SUBJECT ADDED ENTRY--TOPICAL TERM | |
| Topical term or geographic name entry element | Вокальное искусство русское советское |
| Form subdivision | Воспоминания и записки |
| 650 14 - SUBJECT ADDED ENTRY--TOPICAL TERM | |
| Topical term or geographic name entry element | Большой театр СССР |
| Form subdivision | Воспоминания и записки |
| 700 1# - ADDED ENTRY--PERSONAL NAME | |
| Personal name | Дементьев, А. |
| Relator term | авт. послесл. |
| Relationship | aft |
| Withdrawn status | Lost status | Damaged status | Not for loan | Collection | Home library | Current library | Date acquired | Total checkouts | Full call number | Barcode | Date last seen | Price effective from | Koha item type | Public note | Source of classification or shelving scheme | Copy number |
|---|---|---|---|---|---|---|---|---|---|---|---|---|---|---|---|---|
| General | Fundamental Scientific Library | Fundamental Scientific Library | 22/12/2016 | 929 Вишневская:792.54(47+57) | 120629996 | 22/12/2016 | 22/12/2016 | Գրքեր / Books | 30 Days Loan | |||||||
| General | Fundamental Scientific Library | Fundamental Scientific Library | 22/12/2016 | PII/629996 | FL0207169 | 22/12/2016 | 22/12/2016 | Գրքեր / Books | 30 Days Loan | Universal Decimal Classification | 929 Вишневская:792.54(47+57) |
ՀՀ Գիտությունների ազգային ակադեմիայի հիմնարար գիտական գրադարան = Fundamental Scientific Library of NAS RA
All site content, except where otherwise noted, is licensed under a